000 00620nam a2200181Ia 4500
003 LDD
008 190117s9999 xx 000 0 und d
020 _c₹70
040 _cLDD
041 _ahi
082 _a8H3.7009 द्धि 6864 हि-5
100 _aद्विवेदी, हजारी प्रसाद
245 0 _aहिन्दी साहित्य उद्भव और विकास
_cहजारी प्रसाद द्विवेदी
250 _a5 सं.
260 _aनई दिल्ली
_bराजकमल
_c1988
300 _a292प्र.
942 _2ddc
_cH
999 _c161705
_d161705